La época mercantilista (Record no. 78652)

MARC details
000 -LEADER
campo de control de longitud fija 00833nam a2200217 i 4500
001 - NÚMERO DE CONTROL
campo de control 78652
003 - IDENTIFICADOR DE NÚMERO DE CONTROL
campo de control ES-MaACL
005 - FECHA Y HORA DE LA ÚLTIMA TRANSACCIÓN
campo de control 20250905123709.0
007 - CAMPO FIJO DE DESCRIPCIÓN FÍSICA--INFORMACIÓN GENERAL
campo de control de longitud fija t|
008 - DATOS DE LONGITUD FIJA--INFORMACIÓN GENERAL
campo de control de longitud fija 041015s1943 mx ||||1| spa d
100 1# - ENTRADA PRINCIPAL--NOMBRE DE PERSONA
Nombre de persona Heckscher, Eli F.
9 (RLIN) 62285
245 13 - MENCIÓN DEL TÍTULO
Título La época mercantilista
Resto del título : historia de la organización y las ideas económicas desde el final de la Edad Media hasta la sociedad liberal /
Mención de responsabilidad, etc. Eli F. Heckscher ; versión española de Wenceslao Roces.
250 ## - MENCION DE EDICION
Mención de edición [1ª ed. en español].
260 ## - PUBLICACIÓN, DISTRIBUCIÓN, ETC.
Lugar de publicación, distribución, etc. México :
Nombre del editor, distribuidor, etc. Fondo de Cultura Económica,
Fecha de publicación, distribución, etc. [1943] (
Fabricante Gráfica Panamericana)
300 ## - DESCRIPCIÓN FÍSICA
Extensión 871 p. ;
Dimensiones 24 cm.
490 1# - MENCIÓN DE SERIE
Mención de serie Sección de obras de economía
700 1# - ENTRADA AGREGADA--NOMBRE PERSONAL
Nombre de persona Roces, Wenceslao,
Fechas asociadas al nombre 1897-1992
9 (RLIN) 98039
830 0# - PUNTO DE ACCESO ADICIONAL DE SERIE-TÍTULO UNIFORME
Título uniforme Sección de obras de economía
9 (RLIN) 179924
852 ## - LOCALIZACIÓN
Ubicación ES-MaACL
Número de control de estantería D-6832
Holdings
Estatus retirado Estado de pérdida Estado de daño No para préstamo Biblioteca de origen Biblioteca actual Ubicación en estantería Fecha de adquisición Fuente de adquisición Total de préstamos Signatura topográfica completa Código de barras Visto por última vez Precio de reemplazo Tipo de ítem Koha
        Biblioteca del Ateneo de Madrid Biblioteca del Ateneo de Madrid Sala Valle Inclán 17/01/2008     D-6832 901082263 23/02/2023 23/02/2023 Libro impreso